000 00684nam a2200193Ia 4500
003 GCL
008 140319s9999 xx 000 0 ara d
040 _aGCL /
_cGCL
082 0 4 _a001.6425
_bر ك
100 1 _aرعد حسون سهيل
245 1 0 _aالكمبيوتر لطلاب المدارس فى المرحلة الاعدادية المتوسطة البرمجة بلغة باسيك /
_cرعد حسون سهيل
700 1 _aاحلام صالح مزعل
260 _a[S.N] :
_bدار الراتب الجامعية
300 _a265 ص
490 _a
650 0 4 _aالحاسبات الالكترونية
650 0 4 _aالمدارس الاعدادية
942 _2ddc
_cBK
999 _c53262
_d53262